Financial Services (Record no. 7483)

MARC details
000 -LEADER
fixed length control field 00299nam a2200133Ia 4500
008 - FIXED-LENGTH DATA ELEMENTS--GENERAL INFORMATION
fixed length control field 191201s2011 xx 000 0 und d
100 ## - MAIN ENTRY--PERSONAL NAME
Personal name KHAN,MY
245 #0 - TITLE STATEMENT
Title Financial Services
250 ## - EDITION STATEMENT
Edition statement 6th
260 ## - PUBLICATION, DISTRIBUTION, ETC. (IMPRINT)
Date of publication, distribution, etc 2011
Name of publisher, distributor, etc Tata MC Grw Hill
Place of publication, distribution, etc N. delhi
300 ## - PHYSICAL DESCRIPTION
Extent Misc
650 ## - SUBJECT ADDED ENTRY--TOPICAL TERM
Topical term or geographic name as entry element MBA
942 ## - ADDED ENTRY ELEMENTS (KOHA)
Source of classification or shelving scheme Dewey Decimal Classification
Koha item type Book Bank
Holdings
Withdrawn status Lost status Source of classification or shelving scheme Damaged status Not for loan Collection code Home library Current library Date acquired Source of acquisition Cost, normal purchase price Bill Number Total Checkouts Full call number Acc. no. / Barcode Date last seen Bill Date Koha item type
    Dewey Decimal Classification     MBA PIET C-LIBRARY PIET C-LIBRARY 08/10/2011 Valley Book House 550.00 174   332 GUF BB7623 04/12/2019 08/10/2011 Book Bank
    Dewey Decimal Classification     MBA PIET C-LIBRARY PIET C-LIBRARY 08/10/2011 Valley Book House 550.00 174   332 GUF BB7624 04/12/2019 08/10/2011 Book Bank
    Dewey Decimal Classification     MBA PIET C-LIBRARY PIET C-LIBRARY 08/10/2011 Valley Book House 550.00 174   332 GUF BB7625 04/12/2019 08/10/2011 Book Bank
    Dewey Decimal Classification     MBA PIET C-LIBRARY PIET C-LIBRARY 08/10/2011 Valley Book House 550.00 174   332 GUF BB7626 04/12/2019 08/10/2011 Book Bank
    Dewey Decimal Classification     MBA PIET C-LIBRARY PIET C-LIBRARY 08/10/2011 Valley Book House 550.00 174   332 GUF BB7627 04/12/2019 08/10/2011 Book Bank

Design & Developed by: PIET Central Library
R70 Miles Stone Pattikalyana Samalkha Panipat 132102
mail ID :- [email protected], Phone No:- 0180-2569700 Ex.216